Saving the Mediterranean : the politics of international environmental cooperation
Αποθηκεύτηκε σε:
| Κύριος συγγραφέας: | |
|---|---|
| Μορφή: | Βιβλίο |
| Γλώσσα: | English |
| Δημοσίευση: |
New York :
Columbia university press ,
c1990
|
| Σειρά: | Political economy of international change
|
| Θέματα: | |
| Ετικέτες: |
Προσθήκη ετικέτας
Δεν υπάρχουν, Καταχωρήστε ετικέτα πρώτοι!
|
MARC
| LEADER | 00000nam a2200000 i 4500 | ||
|---|---|---|---|
| 001 | 1/16381 | ||
| 008 | 980731s1990 eng d | ||
| 020 | |a 0-231-07013-6 | ||
| 035 | |l 10020174 | ||
| 040 | |a GR-MY-UA |b gre |e aacr | ||
| 041 | 0 | |a eng | |
| 082 | 0 | |a 363.7394526091638 | |
| 100 | 1 | |a Haas, Peter M. | |
| 245 | 1 | 0 | |a Saving the Mediterranean : |b the politics of international environmental cooperation / |c Peter M. Haas |
| 260 | |a New York : |b Columbia university press , |c c1990 | ||
| 300 | |a 303 p. | ||
| 490 | 1 | |a Political economy of international change | |
| 504 | |a Includes bibliographical references | ||
| 650 | 0 | 0 | |a Water quality management |z Mediterranean Sea |x International cooperetion. |
| 650 | 0 | 0 | |a Water |x Pollution |z Mediterranean Sea. |
| 830 | 0 | |a Political economy of international change | |
| 852 | |a INST |b LESVOS |e 19980731 |h 363.7394526091638 HAA |p 005100013330 |q 005100013330 |t BK |y 0 | ||
| 901 | |a BIBL-1998-3 | ||
| 909 | |a Λ |b 058625 | ||
| 922 | |a 1ΕΛΗ |b 199807 |c ΚΠΣ/ΤΠ |d ΠΑΠΑΣΩΤΗΡΙΟΥ | ||
| 950 | |a 107-1998-05-21 | ||